000
00209 a2200097 4500
001
3674
100
_a
Malik M B K
245
_a
100 years of pakistan railways
260
_a
_b
Govt Pak
_c
090
_c
2934
_d
2934
942
_a
NUST-CAE
_c
M
_c
21491
999
_c
238747
_d
238747